| 000 | 00481nam a2200193Ia 4500 | ||
|---|---|---|---|
| 003 | GCL | ||
| 008 | 140319s9999 xx 000 0 eng d | ||
| 040 |
_aGCL / _cGCL |
||
| 082 | 0 | 4 |
_aCH _b823 _bI B |
| 100 | 1 | _aIZWA, T | |
| 245 | 1 | 0 |
_aBEDTIME STORIES / _cIZWA, T |
| 700 | 1 | _aHIJIKATA, S | |
| 260 |
_a[S.N] : _bGRASSET AND DUNLAP PUBLISHERS |
||
| 650 | 0 | 4 | _aENGLISH LITERATURE |
| 650 | 0 | 4 | _aCHILDREN |
| 650 | 0 | 4 | _aCHILDREANING |
| 650 | 0 | 4 | _aCHILDREN - FICTION |
| 942 |
_2ddc _cBK |
||
| 999 |
_c15053 _d15053 |
||